The Marvel Blockbusters of the 21st Century - Tile Quiz - Statistics

General Stats
  • This quiz has been taken 37 times
  • The average score is 95 of 172
Answer Stats
Question Tile Select % Correct
Films starring Benedict Cumberbatch Avengers: Infinity War Yes
100%
Films starring Benedict Cumberbatch Captain America: New World Order No
100%
Films starring Benedict Cumberbatch Doctor Strange Yes
100%
Films starring Benedict Cumberbatch Doctor Strange In The Multiverse Of Madness Yes
100%
Films starring Benedict Cumberbatch Eternals No
100%
Films starring Benedict Cumberbatch Thor: Love And Thunder No
100%
Films starring Benedict Cumberbatch Avengers: Age Of Ultron No
97%
Films starring Benedict Cumberbatch Avengers: Endgame Yes
97%
Films starring Benedict Cumberbatch Spider-Man: No Way Home Yes
97%
Films starring Benedict Cumberbatch Spider-Man: Far From Home No
93%
Disney+ Shows that are a part of Phase 4 Agents of S.H.I.E.L.D No
90%
Disney+ Shows that are a part of Phase 4 Armor Wars No
90%
Disney+ Shows that are a part of Phase 4 Spider-Man: Freshman Year No
90%
Disney+ Shows that are a part of Phase 4 Spider-Man: Sophomore Year No
90%
Disney+ Shows that are a part of Phase 4 Jessica Jones No
86%
Disney+ Shows that are a part of Phase 4 Nova No
86%
Disney+ Shows that are a part of Phase 4 Wonder Man No
86%
Disney+ Shows that are a part of Phase 4 Ironheart No
83%
Disney+ Shows that are a part of Phase 4 Marvel Zombies No
83%
Disney+ Shows that are a part of Phase 4 Wakanda No
83%
Disney+ Shows that are a part of Phase 4 WandaVision Yes
83%
Billion-Dollar Grossing Marvel Films Avengers: Endgame Yes
79%
Disney+ Shows that are a part of Phase 4 Echo No
79%
Billion-Dollar Grossing Marvel Films Spider-Man: No Way Home Yes
79%
Disney+ Shows that are a part of Phase 4 The Falcon And The Winter Soldier Yes
79%
Disney+ Shows that are a part of Phase 4 What If…? Season 1 Yes
79%
Disney+ Shows that are a part of Phase 4 Agatha: Coven Of Chaos No
76%
Billion-Dollar Grossing Marvel Films Ant-Man And The Wasp No
76%
Billion-Dollar Grossing Marvel Films Black Widow No
76%
Billion-Dollar Grossing Marvel Films Doctor Strange No
76%
Billion-Dollar Grossing Marvel Films Eternals No
76%
Real Subtitles Far From Home Yes
76%
Real Subtitles Infinity Gauntlet No
76%
Billion-Dollar Grossing Marvel Films Iron Man 2 No
76%
Disney+ Shows that are a part of Phase 4 Ms Marvel Yes
76%
Real Subtitles No Way Home Yes
76%
Real Subtitles Serpent Society No
76%
Real Subtitles The Dark Planet No
76%
Billion-Dollar Grossing Marvel Films Thor No
76%
Projects Starring Benedict Wong Avengers: Age Of Ultron No
72%
Projects Starring Benedict Wong Avengers: Endgame Yes
72%
Projects Starring Benedict Wong Black Widow No
72%
Projects Starring Benedict Wong Captain America: New World Order No
72%
Disney+ Shows that are a part of Phase 4 Daredevil: Born Again No
72%
Projects Starring Benedict Wong Doctor Strange Yes
72%
Projects Starring Benedict Wong Doctor Strange In The Multiverse Of Madness Yes
72%
Films starring Benedict Cumberbatch Doctor Strange Into The Dimension of Darkness No
72%
Disney+ Shows that are a part of Phase 4 Hawkeye Yes
72%
Projects Starring Benedict Wong Iron Man No
72%
Disney+ Shows that are a part of Phase 4 Loki Season 1 Yes
72%
Disney+ Shows that are a part of Phase 4 Moon Knight Yes
72%
Billion-Dollar Grossing Marvel Films Shang-Chi And The Legend Of The Ten Rings No
72%
Billion-Dollar Grossing Marvel Films Thor: Love And Thunder No
72%
Disney+ Shows that are a part of Phase 4 What If…? Season 3 No
72%
Billion-Dollar Grossing Marvel Films Captain America: The Winter Soldier No
69%
Real Subtitles Days of the Future No
69%
Disney+ Shows that are a part of Phase 4 Loki Season 2 No
69%
Real Subtitles Quantumania Yes
69%
Disney+ Shows that are a part of Phase 4 Secret Invasion No
69%
Projects Starring Benedict Wong Secret Invasion No
69%
Projects Starring Benedict Wong Spider-Man: Far From Home No
69%
Projects Starring Benedict Wong Thor: Ragnarok No
69%
Real Subtitles Thunder And Love No
69%
Disney+ Shows that are a part of Phase 4 What If…? Season 2 No
69%
Billion-Dollar Grossing Marvel Films Avengers: Infinity War Yes
66%
Projects Starring Benedict Wong Avengers: Infinity War Yes
66%
Billion-Dollar Grossing Marvel Films Captain America: The First Avenger No
66%
Billion-Dollar Grossing Marvel Films Guardians Of The Galaxy No
66%
Real Subtitles House Of Harkness No
66%
Disney+ Shows that are a part of Phase 4 She-Hulk: Attorney At Law Yes
66%
Billion-Dollar Grossing Marvel Films Thor: Ragnarok No
66%
Billion-Dollar Grossing Marvel Films Black Panther Yes
62%
Billion-Dollar Grossing Marvel Films Doctor Strange In The Multiverse Of Madness No
62%
Billion-Dollar Grossing Marvel Films Iron Man No
62%
Projects Starring Benedict Wong Shang-Chi And The Legend Of The Ten Rings Yes
62%
Billion-Dollar Grossing Marvel Films Spider-Man: Homecoming No
62%
Films That Were Released Before The MCU Started Spider-Man: Into The Spider-Verse No
62%
Real Subtitles Vol. 2 Yes
62%
Films That Were Released Before The MCU Started Fantastic Four Yes
59%
Real Subtitles Rise Of The Silver Surfer Yes
59%
Projects Starring Benedict Wong Spider-Man: No Way Home Yes
59%
Films That Were Released Before The MCU Started The New Mutants No
59%
Films That Were Released Before The MCU Started Venom No
59%
Films That Were Released Before The MCU Started X-Men: Dark Phoenix No
59%
Films That Were Released Before The MCU Started Fantastic Four: Rise Of The Silver Surfer Yes
55%
Actors Who Were In Avengers: Endgame Kat Dennings No
55%
Actors Who Were In Avengers: Endgame Michael Rooker No
55%
Actors Who Were In Avengers: Endgame Tim Roth No
55%
Films That Were Released Before The MCU Started Agents Of S.H.I.E.L.D No
52%
Films That Were Released Before The MCU Started Ghost Rider Yes
52%
Billion-Dollar Grossing Marvel Films Marvel’s The Avengers Yes
52%
Films That Were Released Before The MCU Started Spider-Man Yes
52%
Actors Who Were In Avengers: Endgame Stellan Skarsgård No
52%
True statements (For statements related to releases, US release dates are used, and grosses are not adjusted for inflation) The Shortest Gap Between The Release Of 2 Marvel Films Is 42 Days (This Happened Twice!) Yes
52%
Films That Were Released Before The MCU Started X-Men Yes
52%
Films That Were Released Before The MCU Started X-Men: Days Of Future Past No
52%
Real Subtitles Attorney For Hire No
48%
Films That Were Released Before The MCU Started Blade II Yes
48%
Films That Were Released Before The MCU Started Blade Trinity Yes
48%
Films That Were Released Before The MCU Started Hulk Yes
48%
Films and Disney+ Shows released in the same year as a Summer Olympic Games Iron Man Yes
48%
Actors Who Were In Avengers: Endgame Paul Rudd Yes
48%
Films That Were Released Before The MCU Started Spider-Man 2 Yes
48%
Films That Were Released Before The MCU Started Spider-Man 3 Yes
48%
Billion-Dollar Grossing Marvel Films Spider-Man: Far From Home Yes
48%
Films That Were Released Before The MCU Started The Amazing Spider-Man No
48%
Films That Were Released Before The MCU Started The Amazing Spider-Man 2 No
48%
Real Subtitles Wolverine Yes
48%
Films That Were Released Before The MCU Started X-2: X-Men United Yes
48%
Films That Were Released Before The MCU Started X-Men: First Class No
48%
Billion-Dollar Grossing Marvel Films Avengers: Age Of Ultron Yes
45%
Billion-Dollar Grossing Marvel Films Captain America: Civil War Yes
45%
Films and Disney+ Shows released in the same year as a Summer Olympic Games Captain America: Civil War Yes
45%
Films and Disney+ Shows released in the same year as a Summer Olympic Games Doctor Strange Yes
45%
Actors Who Were In Avengers: Endgame Idris Elba No
45%
True statements (For statements related to releases, US release dates are used, and grosses are not adjusted for inflation) Sir Patrick Stewart Made The Most Appearances As A Single Character With 8 No
45%
Films That Were Released Before The MCU Started The Incredible Hulk No
45%
Films starring Benedict Cumberbatch Thor: Ragnarok Yes
45%
Questions with more than 50% correct answers 9 No
41%
Real Subtitles Coven Of Chaos Yes
41%
Films That Were Released Before The MCU Started Elektra Yes
41%
Films and Disney+ Shows released in the same year as a Summer Olympic Games Marvel’s The Avengers Yes
41%
Projects Starring Benedict Wong She-Hulk: Attorney At Law Yes
41%
Films That Were Released Before The MCU Started X-Men Origins: Wolverine No
41%
Questions with more than 50% correct answers 1 No
38%
Questions with more than 50% correct answers 2 No
38%
True statements (For statements related to releases, US release dates are used, and grosses are not adjusted for inflation) 2013 Was The First Year With Two Marvel Studios Films Released No
38%
True statements (For statements related to releases, US release dates are used, and grosses are not adjusted for inflation) As Of The End Of 2024, There Will Have Been 11 Widely Released Films With Spider-Man In The Title Yes
38%
Billion-Dollar Grossing Marvel Films Captain Marvel Yes
38%
Films That Were Released Before The MCU Started Daredevil Yes
38%
True statements (For statements related to releases, US release dates are used, and grosses are not adjusted for inflation) Marvel’s The Avengers Was The 3rd Highest Grossing Film Of All Time At One Point Yes
38%
Projects Starring Benedict Wong What If…? Yes
38%
True statements (For statements related to releases, US release dates are used, and grosses are not adjusted for inflation) A Total Of 10 Combined Marvel Projects Were Released In 2021 Yes
34%
Films and Disney+ Shows released in the same year as a Summer Olympic Games Deadpool Yes
34%
Films and Disney+ Shows released in the same year as a Summer Olympic Games The Amazing Spider-Man Yes
34%
Questions with more than 50% correct answers 3 No
31%
Questions with more than 50% correct answers 4 Yes
31%
Actors Who Were In Avengers: Endgame Hayley Atwell Yes
31%
Billion-Dollar Grossing Marvel Films Iron Man 3 Yes
31%
Actors Who Were In Avengers: Endgame Natalie Portman Yes
31%
Films and Disney+ Shows released in the same year as a Summer Olympic Games Spider-Man 2 Yes
31%
True statements (For statements related to releases, US release dates are used, and grosses are not adjusted for inflation) The Longest Continual Streak Of Billion Dollar Film Releases Was 5 No
31%
Real Subtitles X-Men United Yes
31%
Actors Who Were In Avengers: Endgame Yvette Nicole Brown Yes
31%
Films That Were Released Before The MCU Started Ghost Rider: Spirit Of Vengeance No
28%
Actors Who Were In Avengers: Endgame Hiroyuki Sanada Yes
28%
Films and Disney+ Shows released in the same year as a Summer Olympic Games Loki Season 1 Yes
28%
Films and Disney+ Shows released in the same year as a Summer Olympic Games The Incredible Hulk Yes
28%
True statements (For statements related to releases, US release dates are used, and grosses are not adjusted for inflation) The Top 3 Highest Grossing Marvel Films Are: 1) Endgame 2) No Way Home 3) Infinity War No
28%
Questions with more than 50% correct answers 5 No
24%
Questions with more than 50% correct answers 6 Yes
24%
Questions with more than 50% correct answers 7 Yes
24%
Questions with more than 50% correct answers 8 Yes
24%
Films and Disney+ Shows released in the same year as a Summer Olympic Games Black Widow Yes
24%
Films and Disney+ Shows released in the same year as a Summer Olympic Games Hawkeye Yes
24%
Films and Disney+ Shows released in the same year as a Summer Olympic Games WandaVision Yes
24%
Actors Who Were In Avengers: Endgame John Slattery Yes
21%
Actors Who Were In Avengers: Endgame Paul Bettany No
21%
Films and Disney+ Shows released in the same year as a Summer Olympic Games Shang-Chi And The Legend Of The Ten Rings Yes
21%
Films and Disney+ Shows released in the same year as a Summer Olympic Games Spider-Man: No Way Home Yes
21%
Films and Disney+ Shows released in the same year as a Summer Olympic Games What If…? Season 1 Yes
21%
Films and Disney+ Shows released in the same year as a Summer Olympic Games Eternals Yes
17%
True statements (For statements related to releases, US release dates are used, and grosses are not adjusted for inflation) Shang-Chi And The Legend Of The Ten Rings Is The Only Marvel Film To Have Been Released In September Yes
17%
Films and Disney+ Shows released in the same year as a Summer Olympic Games The Falcon And The Winter Soldier Yes
17%
Films and Disney+ Shows released in the same year as a Summer Olympic Games X-Men Yes
17%
Films and Disney+ Shows released in the same year as a Summer Olympic Games Captain America: New World Order Yes
14%
Films and Disney+ Shows released in the same year as a Summer Olympic Games Thunderbolts Yes
14%
Films and Disney+ Shows released in the same year as a Summer Olympic Games Venom: Let There Be Carnage Yes
14%
Films and Disney+ Shows released in the same year as a Summer Olympic Games Daredevil: Born Again Yes
10%
Films and Disney+ Shows released in the same year as a Summer Olympic Games Marvel Zombies Yes
10%
Films and Disney+ Shows released in the same year as a Summer Olympic Games Spider-Man: Beyond The Spider-Verse Yes
7%
Films and Disney+ Shows released in the same year as a Summer Olympic Games X-Men: Apocalypse Yes
7%
No matching quizzes found
Score Distribution
Percent of People with Each Score
Percentile by Number Answered
Your Score History
You have not taken this quiz